Bilecik Bilecik Bilecik Bilecik Bilecik

Türkiye'de kentleşme : (Record no. 28909)

MARC details
000 -BAŞLIK
Sabit Uzunluktaki Kontrol Alanı 01172nam a22003617a 4500
001 - KONTROL NUMARASI
Control Dosyası 0028987
003 - KONTROL NUMARASI KİMLİĞİ
Kontrol Alanı KOHA_MİRAKIL
005 - EN SON İŞLEM TARİHİ ve ZAMANI
Kontrol Alanı 20260207002646.0
007 - FİZİKSEL TANIM SABİT ALAN - GENEL BİLGİ
Sabit uzunluklu kontrol alanı ta
008 - SABİT UZUNLUKTAKİ VERİ ÖGELERİ - GENEL BİLGİ
Sabit Alan 110330b1979 tu a|||gr||||#||||0|tur |
020 ## - ISBN - ULUSLARARASI STANDART KİTAP NUMARASI
Kullanılabilirlik koşulları 0,01
040 ## - KATALOGLAMA KAYNAĞI
Özgün Kataloglama Kurumu TR-BiSEU
Kataloglama Dili tur
Çeviri Kurumu TR-BiSEU
Açıklama Kuralları rda
041 0# - DİL KODU
Metin ya da ses kaydının dil kodu tur
044 ## - YAYINLAYAN/ÜRETEN KURULUŞUN ÜLKE KODU
ISO country code tu
050 ## - SINIFLAMA ve YER NUMARASI
Sınıflama Numarası HT147.T9
Yer Numarası S46 1979
100 1# - KİŞİ ADI
Yazar Adı (Kişi adı) Sencer, Yakut.
245 1# - ESER ADI BİLDİRİMİ
Başlık Türkiye'de kentleşme :
Alt Eseradı vb. bir toplumsal ve kültürel değişme süreci/
Sorumluluk Bildirimi Yakut Sencer ; Yakut Sencer.
264 #1 - ÜRERİM, YAYIN, DAĞITIM ve TELİF BİLDİRİMİ
Yayın yeri Ankara :
Yayınlayan Kültür Bakanlığı
Yayın tarihi 1979
300 ## - FİZİKSEL TANIMLAMA
Sayfa, Cilt vb. xxii, 623 sayfa :
Diğer fiziki detaylar resimli, haritalı; 23 cm.
336 ## - İÇERİK TÜRÜ
Content type term metin
Content type code txt
Source rdacontent
337 ## - MEDYA TÜRÜ
Media type term aracısız
Media type code n
Source rdamedia
338 ## - TAŞIYICI TÜRÜ
Carrier type term cilt
Carrier type code nc
Source rdacarrier
490 1# - DİZİ BİLDİRİMİ
Dizi Bildirimi Kültür Bakanlığı Yayınları ;
Cilt Numarası 345.
490 1# - DİZİ BİLDİRİMİ
Dizi Bildirimi Bilim Dizisi ;
Cilt Numarası 12.
500 ## - GENEL NOT
Genel Not Kaynakça var.
650 #0 - KONU BAŞLIĞI EK GİRİŞ - KONU TERİMİ
Konusal terim veya coğrafi ad Sociology, Urban--Turkey.
9 (RLIN) 57399
650 #0 - KONU BAŞLIĞI EK GİRİŞ - KONU TERİMİ
Konusal terim veya coğrafi ad Urbanization--Turkey.
9 (RLIN) 10384
650 #0 - KONU BAŞLIĞI EK GİRİŞ - KONU TERİMİ
Konusal terim veya coğrafi ad Urban policy--Turkey.
9 (RLIN) 23523
650 #0 - KONU BAŞLIĞI EK GİRİŞ - KONU TERİMİ
Konusal terim veya coğrafi ad Cities and towns--Turkey.
9 (RLIN) 37858
830 1# - SERİ EK GİRİŞİ - TEKBİÇİM ESER ADI
Tekbiçim Başlık Kültür Bakanlığı Yayınları ;
Volume number/sequential designation 345.
9 (RLIN) 6362
830 1# - SERİ EK GİRİŞİ - TEKBİÇİM ESER ADI
Tekbiçim Başlık Bilim Dizisi ;
Volume number/sequential designation 12.
9 (RLIN) 3682
942 ## - EK GİRİŞ ÖGELERİ (KOHA)
Source of classification or shelving scheme Library of Congress Classification
Koha item type Book
Holdings
Materyal Türü Kalıcı Konum Mevcut Konum Raf Yeri Sınıflandırma Kaynağı Edinim Bilgisi Ana Konular Alt Konular Yer Numarası Demirbaş Numarası Fatura Tarihi Geri Çekilme Durumu Kayıp Durumu Hasarlı Durumu Kredi için değil Kayıt Tarih Toplam Ödünçverme Son Görülme Tarihi Son Kontrol Tarihi Genel / Bağış Notu
Book Prof. Dr. Azmi Özcan Kütüphanesi Prof. Dr. Azmi Özcan Kütüphanesi Uluğbey Salonu Library of Congress Classification Bağış SOSYAL BİLİMLER Topluluklar, Sınıflar, Irklar HT147.T9 S46 1979 0028987 02/02/2026         30/03/2011 4 05/12/2024 05/12/2024 Genel Bağış